| 000 -ლიდერი |
| ფიქსირებული სიგრძის საკონტროლო ველი |
01647nam a2200301Ia 4500 |
| 001 - საკონტროლო ნომერი |
| საკონტროლო ველი |
21817 |
| 003 - საკონტროლო ნომრის იდენტიფიკატორი |
| საკონტროლო ველი |
GE_BSU |
| 005 - ბოლო ოპერაციის თარიღი და დრო |
| საკონტროლო ველი |
20220523155944.0 |
| 008 - ფიქსირებული სიგრძის მონაცემთა ელემენტები - ზოგადი ინფორმაცია |
| ფიქსირებული სიგრძის საკონტროლო ველი |
181216s ||||ge |||||||||||||| ||geo|| |
| 020 ## - წიგნის საერთაშორისო სტანდარტული ნომერი |
| International Standard Book Number |
978-99940-63-97-0 |
| 040 ## - კატალოგიზაციის წყარო |
| Transcribing agency |
GE_BSU |
| 041 ## - ენის კოდი |
| Language code of text/sound track or separate title |
geo |
| 080 ## - უნივერსალური ათობითი კლასიფიკაციის ინდექსი |
| Universal Decimal Classification number |
821.353.1(075.3) ს-92 |
| 100 ## - მთავარი ჩანაწერი - პიროვნების სახელი |
| Personal name |
სულაკაური, ბაკურ |
| 9 (RLIN) |
13805 |
| 245 ## - ცნობა სათაურის შესახებ |
| Title |
ქართული 2 კლასი : |
| Remainder of title |
მოსწავლის წიგნი / |
| Statement of responsibility, etc |
ბაკურ სულაკაური, მარინე ბედოშვილი, თინათინ კუხიანიძე ; რედ. რუსუდან გორგაძე ; მხატვ. : სოფიო კინწურაშვილი, ლანა თოფლიშვილი. |
| 264 ## - წარმოების, გამოცემის, დისტრიბუციის და სხვა ცნობები |
| გამოცემის, წარმოების, დისტრიბუციის... ადგილი |
თბილისი : |
| გამოცემის, წარმოების, დისტრიბუციის... სახელწოდება |
ბაკურ სულაკაურის გამ-ბა, |
| გამოცემის, წარმოების, დისტრიბუციის... თარიღი |
2007. |
| 300 ## - ფიზიკური აღწერა |
| Extent |
169 გვ. : |
| Other physical details |
ილ. ; |
| Dimensions |
27 სმ. |
| 653 ## - INDEX TERM--UNCONTROLLED |
| Uncontrolled term |
მოსწავლის წიგნი |
| 653 ## - INDEX TERM--UNCONTROLLED |
| Uncontrolled term |
ქართული 2 კლასი |
| 653 ## - INDEX TERM--UNCONTROLLED |
| Uncontrolled term |
ქართული ენა |
| 700 ## - ADDED ENTRY--PERSONAL NAME |
| Personal name |
ბედოშვილი, მარინე |
| Relator term |
ავტორი |
| 9 (RLIN) |
13806 |
| 700 ## - ADDED ENTRY--PERSONAL NAME |
| Personal name |
კუხიანიძე, თინათინ |
| Relator term |
ავტორი |
| 9 (RLIN) |
13807 |
| 700 ## - ADDED ENTRY--PERSONAL NAME |
| Personal name |
გორგაძე, რუსუდან |
| Relator term |
რედაქტორი |
| 9 (RLIN) |
7136 |
| 700 ## - ADDED ENTRY--PERSONAL NAME |
| Personal name |
კინწურაშვილი, სოფიო |
| Relator term |
მხატვარი |
| 9 (RLIN) |
13808 |
| 700 ## - ADDED ENTRY--PERSONAL NAME |
| Personal name |
თოფლიშვილი, ლანა |
| Relator term |
მხატვარი |
| 9 (RLIN) |
13809 |
| 942 ## - ADDED ENTRY ELEMENTS (KOHA) |
| Koha item type |
წიგნი |
| Source of classification or shelving scheme |
|